[Event "EST Club Ch 2002"]
[Site "?"]
[Date "2002.03.09"]
[Round "3"]
[White "Fomina, Tatjana"]
[Black "Tsiganova, Monika"]
[Result "0-1"]
[WhiteElo "2242"]
[BlackElo "2249"]
[PlyCount "90"]

1. e4 c5 2. Nf3 d6 3. Bc4 e6 4. O-O Nf6 5. Re1 Be7 6. c3 O-O 7. Bb3 b5 8. a4
Qa5 9. Na3 Bb7 10. Bc2 a6 11. d4 cxd4 12. cxd4 b4 13. Nc4 Qc7 14. b3 d5 15.
exd5 Bxd5 16. Nfe5 Nc6 17. Nxc6 Qxc6 18. Ne5 Qb7 19. f3 Rfd8 20. Qd3 g6 21. Bb2
Rac8 22. Rac1 Bf8 23. Qe3 Bg7 24. Bd3 Bxb3 25. Bxa6 Qxa6 26. Qxb3 Nd5 27. Nd3
Rc3 28. Bxc3 Qxd3 29. Kh1 bxc3 30. Red1 Qe2 31. Re1 Qf2 32. Qd1 Ne3 33. Qe2
Qxe2 34. Rxe2 Bxd4 35. g3 e5 36. Rxc3 Bxc3 37. Rxe3 Bd4 38. Rb3 Rc8 39. f4 exf4
40. gxf4 Rc2 41. Rb4 Ba7 42. f5 gxf5 43. Rb7 Be3 44. a5 f4 45. a6 Ra2 0-1

[Event "EST Club Ch 2002"]
[Site "?"]
[Date "2002.03.10"]
[Round "4"]
[White "Shishkov, Andrei"]
[Black "Raud, Rainer"]
[Result "1/2-1/2"]
[WhiteElo "2344"]
[BlackElo "2380"]
[PlyCount "82"]

1. d4 c5 2. d5 e5 3. e4 d6 4. c4 Be7 5. Nf3 Bg4 6. Nbd2 h6 7. Be2 Nf6 8. O-O
Nh7 9. Ne1 Bxe2 10. Qxe2 Bg5 11. g3 Bxd2 12. Bxd2 Nd7 13. Nd3 O-O 14. f4 Qe7
15. Bc3 f6 16. a3 b6 17. f5 Rfc8 18. h4 Kf8 19. g4 Ke8 20. Kf2 Kd8 21. Bd2 Kc7
22. b4 Kb7 23. Be3 Qe8 24. bxc5 Nxc5 25. Nxc5+ dxc5 26. a4 Nf8 27. g5 hxg5 28.
hxg5 fxg5 29. Rg1 Rc7 30. a5 Rf7 31. Qb2 g6 32. axb6 a6 33. Bxc5 gxf5 34. Bd6
fxe4+ 35. Ke1 Rf3 36. c5 Re3+ 37. Kf2 Qf7+ 38. Kxe3 Qf4+ 39. Ke2 Qh2+ 40. Ke3
Qf4+ 41. Ke2 Qh2+ 1/2-1/2

[Event "EST Club Ch 2002"]
[Site "?"]
[Date "2002.03.10"]
[Round "4"]
[White "Leito, Priit"]
[Black "Vassiljev, Igor"]
[Result "1-0"]
[WhiteElo "2339"]
[BlackElo "2307"]
[PlyCount "94"]

1. e4 c5 2. Nf3 e6 3. d4 cxd4 4. Nxd4 Nc6 5. Nb5 Nf6 6. N1c3 Bb4 7. a3 Bxc3+ 8.
Nxc3 d5 9. exd5 Nxd5 10. Nxd5 Qxd5 11. Qxd5 exd5 12. Bf4 Bf5 13. O-O-O O-O-O
14. b4 Rhe8 15. Bg3 a6 16. b5 axb5 17. Bxb5 f6 18. Rd2 Be4 19. f3 Bg6 20. Rhd1
Bf7 21. Rd3 Re7 22. Rc3 Kd7 23. Rc5 Ke8 24. Bxc6+ bxc6 25. Rxc6 Ra8 26. Rd3 Re2
27. Rc7 Re7 28. Rxe7+ Kxe7 29. Rb3 g5 30. Bf2 Bg6 31. Bd4 Ra6 32. Rb7+ Ke6 33.
Kb2 Rc6 34. Rb6 Rxb6+ 35. Bxb6 Be8 36. Kb3 f5 37. Kb4 Kd6 38. a4 g4 39. a5 gxf3
40. gxf3 Bh5 41. f4 Be2 42. Kc3 h5 43. Kd4 h4 44. Bc5+ Ke6 45. Ba3 h3 46. Kc5
Kd7 47. Kxd5 Bf3+ 1-0

[Event "EST Club Ch 2002"]
[Site "?"]
[Date "2002.03.10"]
[Round "4"]
[White "Fomina, Tatjana"]
[Black "Pikkmets, Reet"]
[Result "1-0"]
[WhiteElo "2242"]
[BlackElo "2032"]
[PlyCount "47"]

1. e4 d5 2. exd5 Qxd5 3. Nc3 Qa5 4. d4 c6 5. Bc4 Nf6 6. h3 Bf5 7. Nf3 e6 8. O-O
Bd6 9. Qe2 Nbd7 10. a3 h6 11. Re1 O-O-O 12. Bd2 Qc7 13. b4 g5 14. b5 c5 15. d5
Nb6 16. dxe6 Nxc4 17. Qxc4 Bxe6 18. Rxe6 fxe6 19. Qxe6+ Nd7 20. Nd5 Qb8 21. Re1
c4 22. Bb4 Bf4 23. Ne7+ Kc7 24. Qxc4+ 1-0

[Event "EST Club Ch 2002"]
[Site "?"]
[Date "2002.03.10"]
[Round "4"]
[White "Kulaots, Kaido"]
[Black "Krupenski, Juri"]
[Result "1-0"]
[WhiteElo "2531"]
[BlackElo "2228"]
[PlyCount "71"]

1. e4 c5 2. Nf3 e6 3. d4 cxd4 4. Nxd4 d6 5. Nc3 Nf6 6. Be2 Be7 7. O-O Nc6 8. f4
O-O 9. Kh1 a6 10. Nxc6 bxc6 11. e5 Ne8 12. Be3 Qa5 13. Qd4 c5 14. Qd2 Qc7 15.
Na4 Bb7 16. exd6 Bxd6 17. Rad1 Rb8 18. b3 Bd5 19. Bxa6 c4 20. Qe2 Rb4 21. c3
Rxa4 22. bxa4 Nf6 23. Rd4 Qa5 24. Bxc4 Qxc3 25. Rc1 Qa3 26. Qd3 Ng4 27. Rc3 Qb2
28. Bxd5 exd5 29. Qd2 Qb1+ 30. Rc1 Qg6 31. Rxd5 Be7 32. h3 Nf6 33. Re5 Ba3 34.
Rd1 Qh6 35. Qc3 Ng4 36. Qxa3 1-0

[Event "EST Club Ch 2002"]
[Site "?"]
[Date "2002.03.10"]
[Round "4"]
[White "Kovaljov, Deniss"]
[Black "Sepp, Olav"]
[Result "1/2-1/2"]
[WhiteElo "2244"]
[BlackElo "2460"]
[PlyCount "70"]

1. d4 Nf6 2. Nf3 g6 3. Bg5 Bg7 4. e3 O-O 5. Nbd2 d6 6. Bc4 Nbd7 7. O-O b6 8. e4
e5 9. dxe5 dxe5 10. Bd5 Rb8 11. Nc4 Qe7 12. Ne3 Nc5 13. b4 Ne6 14. Bh4 Qxb4 15.
Nxe5 Nxd5 16. Nxd5 Qxe4 17. Nf6+ Bxf6 18. Bxf6 Qf4 19. Qf3 Qxf3 20. Nxf3 b5 21.
a4 b4 22. Rfd1 Re8 23. h4 h6 24. Ne5 c5 25. Ng4 h5 26. Be5 hxg4 27. Bxb8 a6 28.
Be5 Bb7 29. Re1 a5 30. Rad1 Bc6 31. Rd2 c4 32. Bf6 c3 33. Rde2 Bxa4 34. Ra1 Bc6
35. Rxa5 Bxg2 1/2-1/2

[Event "EST Club Ch 2002"]
[Site "?"]
[Date "2002.03.10"]
[Round "4"]
[White "Seeman, Tarvo"]
[Black "Krupenski, Igor"]
[Result "1-0"]
[WhiteElo "2441"]
[BlackElo "2211"]
[PlyCount "51"]

1. e4 e6 2. d3 d5 3. Nd2 Nf6 4. Ngf3 c5 5. g3 Nc6 6. Bg2 Be7 7. O-O O-O 8. Re1
b6 9. e5 Nd7 10. Nf1 Re8 11. h4 f6 12. exf6 Bxf6 13. N1h2 Nde5 14. Ng5 g6 15.
c4 Nb4 16. cxd5 exd5 17. d4 Ned3 18. Rxe8+ Qxe8 19. a3 Bxd4 20. axb4 Nxf2 21.
Bxd5+ Kg7 22. Qf3 Nd3+ 23. Kh1 Qe1+ 24. Qf1 Nf2+ 25. Kg2 Qe5 26. Bxa8 1-0

[Event "EST Club Ch 2002"]
[Site "?"]
[Date "2002.03.10"]
[Round "4"]
[White "Danilov, Nikolai"]
[Black "Kanep, Meelis"]
[Result "1/2-1/2"]
[WhiteElo "2158"]
[BlackElo "2358"]
[PlyCount "60"]

1. d4 Nf6 2. c4 g6 3. Nc3 Bg7 4. e4 d6 5. Nf3 O-O 6. Be2 e5 7. O-O Nc6 8. d5
Ne7 9. Nd2 Nd7 10. b4 a5 11. bxa5 Rxa5 12. a4 f5 13. Ba3 Ra8 14. Bb4 Nf6 15. c5
Nxe4 16. Ndxe4 fxe4 17. cxd6 cxd6 18. Nxe4 Rf4 19. Bf3 Bf5 20. Re1 Bxe4 21.
Rxe4 Rxe4 22. Bxe4 Qb6 23. Rb1 Nf5 24. a5 Qc7 25. Bxf5 gxf5 26. Rc1 Qd7 27. Qd3
Rc8 28. Rc4 f4 29. h3 Bf8 30. Rxc8 Qxc8 1/2-1/2

[Event "EST Club Ch 2002"]
[Site "?"]
[Date "2002.03.10"]
[Round "4"]
[White "Lauk, Ular"]
[Black "Lelumees, Brait"]
[Result "0-1"]
[WhiteElo "2348"]
[BlackElo "2104"]
[PlyCount "58"]

1. e4 c5 2. Nf3 d6 3. d4 cxd4 4. Nxd4 Nc6 5. Nc3 e6 6. Be3 Nf6 7. f4 Be7 8. Qf3
Qc7 9. O-O-O a6 10. g4 Nxd4 11. Bxd4 e5 12. fxe5 dxe5 13. Qg3 Bd6 14. Be3 O-O
15. g5 Nh5 16. Qh4 Nf4 17. Bxf4 exf4 18. Nd5 Qc5 19. Bd3 Be5 20. Nf6+ gxf6 21.
gxf6 Kh8 22. Rhg1 Qb6 23. c3 Qxf6 24. Qh5 Bd7 25. Rg5 Rae8 26. Bc4 Be6 27. Rxe5
Bxc4 28. Rf5 Qg6 29. Qf3 Be2 0-1

[Event "EST Club Ch 2002"]
[Site "?"]
[Date "2002.03.10"]
[Round "4"]
[White "Gavrikov, Viktor"]
[Black "Karner, Hillar"]
[Result "1-0"]
[WhiteElo "2578"]
[BlackElo "2293"]
[PlyCount "47"]

1. c4 Nf6 2. d4 e6 3. Nc3 Bb4 4. Qc2 c5 5. dxc5 O-O 6. a3 Bxc5 7. Nf3 b6 8. Bg5
Be7 9. Rd1 Bb7 10. e4 Ne8 11. Bc1 Nc6 12. Be2 d6 13. O-O Bf6 14. Rfe1 Qe7 15.
Bf4 Rc8 16. Nb5 e5 17. Be3 Nd4 18. Bxd4 exd4 19. Nxa7 Rc5 20. Nb5 Bxe4 21. Bd3
Bxd3 22. Qxd3 Be5 23. b4 Rc8 24. Nxe5 1-0

[Event "EST Club Ch 2002"]
[Site "?"]
[Date "2002.03.10"]
[Round "4"]
[White "Vetemaa, Juri"]
[Black "Shevtshenko, Robert"]
[Result "1/2-1/2"]
[WhiteElo "2280"]
[BlackElo "2410"]
[PlyCount "85"]

1. e4 c5 2. Nf3 Nc6 3. d3 g6 4. g3 Bg7 5. Bg2 d6 6. O-O e5 7. c3 Nge7 8. Be3
O-O 9. Na3 Rb8 10. d4 exd4 11. cxd4 Bg4 12. Nc2 d5 13. exd5 Nxd5 14. dxc5 Nxe3
15. Nxe3 Bxf3 16. Qxf3 Bxb2 17. Rab1 Bg7 18. Rbd1 Qa5 19. Qd5 Rbd8 20. Qc4 Rxd1
21. Rxd1 Rd8 22. Bd5 Kf8 23. a4 Bh6 24. Ng4 Qb4 25. Qxb4 Nxb4 26. Bb3 Rxd1+ 27.
Bxd1 Bg7 28. Bb3 Nc6 29. Bd5 Bd4 30. Kg2 Ke7 31. f4 Bxc5 32. Ne5 Nd8 33. Kf3 f6
34. Nd3 Ba3 35. h4 b6 36. g4 Kd6 37. Bg8 h6 38. g5 hxg5 39. hxg5 fxg5 40. fxg5
Ne6 41. Kg4 a6 42. Bf7 Bc5 43. Nf4 1/2-1/2

[Event "EST Club Ch 2002"]
[Site "?"]
[Date "2002.03.10"]
[Round "4"]
[White "Vooremaa, Andres"]
[Black "Remmel, Anto"]
[Result "1/2-1/2"]
[WhiteElo "2303"]
[BlackElo "2245"]
[PlyCount "24"]

1. d4 Nf6 2. c4 e6 3. Nf3 d5 4. Nc3 Be7 5. cxd5 exd5 6. Bg5 c6 7. Qc2 g6 8. e3
Bf5 9. Bd3 Bxd3 10. Qxd3 Nbd7 11. O-O O-O 12. Nd2 Nh5 1/2-1/2

[Event "EST Club Ch 2002"]
[Site "?"]
[Date "2002.03.10"]
[Round "4"]
[White "Ilves, Juri"]
[Black "Karjakin, Sergei"]
[Result "0-1"]
[WhiteElo "2093"]
[BlackElo "2171"]
[PlyCount "100"]

1. e4 c5 2. Nc3 Nc6 3. g3 g6 4. Bg2 Bg7 5. Nge2 d6 6. d3 e6 7. Bf4 Nge7 8. Qd2
O-O 9. Bh6 e5 10. h4 f6 11. Bxg7 Kxg7 12. h5 g5 13. h6+ Kh8 14. O-O-O Nd4 15.
Rhf1 Be6 16. Kb1 Qa5 17. Qe3 Nec6 18. a3 b5 19. Nd5 b4 20. Nxd4 cxd4 21. Qd2
Rab8 22. a4 Qxa4 23. b3 Qa3 24. Qc1 Qxc1+ 25. Kxc1 Bxd5 26. exd5 Ne7 27. Kd2
Rb5 28. f4 gxf4 29. gxf4 Nxd5 30. Bxd5 Rxd5 31. Rg1 Rc5 32. Rg2 f5 33. Rg7 Rfc8
34. Rc1 a5 35. Ra7 e4 36. dxe4 fxe4 37. Re7 d5 38. f5 R5c6 39. Re6 Kg8 40. Rg1+
Kf8 41. Rxc6 Rxc6 42. Rg7 Rxh6 43. Rd7 Rh2+ 44. Kd1 e3 45. Rxd5 h5 46. Rxa5
Rd2+ 47. Kc1 Rf2 48. Kd1 h4 49. f6 h3 50. Rh5 h2 0-1

[Event "EST Club Ch 2002"]
[Site "?"]
[Date "2002.03.10"]
[Round "5"]
[White "Karner, Hillar"]
[Black "Kulaots, Kaido"]
[Result "0-1"]
[WhiteElo "2293"]
[BlackElo "2531"]
[PlyCount "93"]

1. d4 Nf6 2. Nf3 e6 3. g3 b5 4. Bg2 Bb7 5. O-O c5 6. c3 Na6 7. Nbd2 Be7 8. b3
b4 9. c4 cxd4 10. Bb2 Nc5 11. Nxd4 Bxg2 12. Kxg2 Qb6 13. a3 bxa3 14. Rxa3 Nd3
15. exd3 Bxa3 16. Bxa3 Qxd4 17. Nf3 Qb6 18. Re1 d6 19. Bb2 Qd8 20. Nd4 O-O 21.
Qf3 e5 22. Nf5 Re8 23. Ba3 Qa5 24. Ra1 Qc3 25. Rc1 Qxb3 26. Bxd6 Rad8 27. c5
Qe6 28. Re1 e4 29. dxe4 Nxe4 30. Ne7+ Rxe7 31. Bxe7 Qxe7 32. Qxe4 Qxc5 33. Re2
g6 34. Rc2 Qb6 35. Rc6 Qb5 36. h4 a5 37. Qc2 a4 38. Rc5 Qb7+ 39. Kh2 Ra8 40.
Rc7 Qf3 41. Rc3 Qf5 42. Qxf5 gxf5 43. Ra3 Kf8 44. Kg2 Ke7 45. Kf3 Kd6 46. Ke3
Kc5 47. Kd3 0-1

[Event "EST Club Ch 2002"]
[Site "?"]
[Date "2002.03.10"]
[Round "5"]
[White "Sepp, Olav"]
[Black "Vetemaa, Juri"]
[Result "1-0"]
[WhiteElo "2460"]
[BlackElo "2280"]
[PlyCount "31"]

1. e4 c5 2. d3 Nc6 3. g3 e6 4. Bg2 d5 5. Nd2 Nf6 6. Ngf3 Be7 7. O-O b6 8. Re1
Bb7 9. c3 Qc7 10. Nf1 O-O-O 11. Qc2 d4 12. cxd4 cxd4 13. Bf4 Qd7 14. Ne5 Qe8
15. Rec1 Rd6 16. b4 1-0

[Event "EST Club Ch 2002"]
[Site "?"]
[Date "2002.03.10"]
[Round "5"]
[White "Remmel, Anto"]
[Black "Seeman, Tarvo"]
[Result "1/2-1/2"]
[WhiteElo "2245"]
[BlackElo "2441"]
[PlyCount "91"]

1. e4 c5 2. Nf3 e6 3. c3 Nf6 4. e5 Nd5 5. Bc4 d6 6. d4 cxd4 7. cxd4 Nb6 8. Bd3
dxe5 9. dxe5 Nc6 10. Nc3 Nd7 11. Bb5 Qc7 12. Bf4 a6 13. Bxc6 Qxc6 14. O-O b5
15. Nd4 Qb6 16. Be3 Bb7 17. Rc1 Rc8 18. Ndxb5 Qa5 19. Nd6+ Bxd6 20. exd6 O-O
21. Qd4 f5 22. Qa4 Qxa4 23. Nxa4 Rc6 24. Rxc6 Bxc6 25. Nc5 f4 26. Nxe6 fxe3 27.
Nxf8 Kxf8 28. fxe3+ Ke8 29. Rc1 Nb8 30. e4 Kd7 31. e5 Ke6 32. Rc5 Bb5 33. Rc8
Nc6 34. Re8+ Kd7 35. Rg8 Nxe5 36. Rxg7+ Kxd6 37. Rxh7 Nd3 38. Rh6+ Ke5 39. b3
Nc1 40. a4 Bd3 41. b4 Ne2+ 42. Kf2 Nc3 43. b5 axb5 44. axb5 Bxb5 45. Rh5+ Ke6
46. Rxb5 1/2-1/2

[Event "EST Club Ch 2002"]
[Site "?"]
[Date "2002.03.10"]
[Round "5"]
[White "Kanep, Meelis"]
[Black "Ilves, Juri"]
[Result "1-0"]
[WhiteElo "2358"]
[BlackElo "2093"]
[PlyCount "121"]

1. d4 Nf6 2. Bg5 c6 3. Bxf6 exf6 4. c4 Bd6 5. Nc3 b6 6. e4 O-O 7. Bd3 Bc7 8.
Nge2 d6 9. O-O Re8 10. f4 Bg4 11. Qd2 Bxe2 12. Bxe2 Nd7 13. Rae1 a6 14. a4 a5
15. Bd3 Nf8 16. Qf2 Bb8 17. Kh1 Ba7 18. Qh4 Rc8 19. g4 b5 20. cxb5 Bxd4 21.
bxc6 Bxc3 22. bxc3 Rxc6 23. Bb5 Rxc3 24. Bxe8 Qxe8 25. g5 fxg5 26. Qxg5 Rc5 27.
f5 Qxa4 28. Rg1 Qd4 29. e5 g6 30. exd6 Qxd6 31. Rgf1 Rc2 32. Qg3 Qc6+ 33. Qf3
Qc7 34. Qf4 Qc6+ 35. Qe4 Qc7 36. Re2 Rc4 37. Qa8 Rc1 38. Ref2 Qc4 39. Qf3 Rxf1+
40. Rxf1 a4 41. Kg2 Qc2+ 42. Rf2 Qxf5 43. Qxf5 gxf5 44. Rxf5 Ne6 45. Ra5 Kg7
46. Kg3 Kg6 47. Kg4 Ng7 48. Rxa4 h5+ 49. Kf4 Ne6+ 50. Ke5 Ng5 51. Ra6+ Ne6 52.
h4 Kg7 53. Kf5 Nf8 54. Kg5 Ne6+ 55. Kxh5 Kh7 56. Kg4 Kg6 57. h5+ Kf6 58. Rb6
Kg7 59. Rb1 Nd4 60. Rd1 Ne6 61. Kf5 1-0

[Event "EST Club Ch 2002"]
[Site "?"]
[Date "2002.03.10"]
[Round "5"]
[White "Tsiganova, Monika"]
[Black "Lauk, Ular"]
[Result "1/2-1/2"]
[WhiteElo "2249"]
[BlackElo "2348"]
[PlyCount "36"]

1. d4 Nf6 2. Nf3 d6 3. c4 Bg4 4. Nc3 Nbd7 5. e3 e5 6. Be2 Be7 7. O-O O-O 8. b3
c6 9. dxe5 dxe5 10. Bb2 Qc7 11. h3 Bh5 12. Nh4 Bxe2 13. Qxe2 Rfe8 14. Nf5 Bf8
15. Rad1 Rad8 16. Rd2 Nc5 17. Rfd1 Rxd2 18. Qxd2 Ne6 1/2-1/2

[Event "EST Club Ch 2002"]
[Site "?"]
[Date "2002.03.10"]
[Round "5"]
[White "Vassiljev, Igor"]
[Black "Kovaljov, Deniss"]
[Result "1-0"]
[WhiteElo "2307"]
[BlackElo "2244"]
[PlyCount "43"]

1. Nf3 Nf6 2. c4 e6 3. g3 d5 4. Bg2 Be7 5. b3 O-O 6. Bb2 c5 7. O-O Nc6 8. e3 b6
9. Qe2 Bb7 10. Nc3 Rc8 11. cxd5 Nxd5 12. Nxd5 Qxd5 13. Rfd1 Rfd8 14. Rac1 Nb4
15. Ne1 Qd7 16. d4 Bxg2 17. Nxg2 Qb7 18. dxc5 Bxc5 19. Qg4 f5 20. Qc4 Nxa2 21.
Ra1 b5 22. Rxd8+ 1-0

[Event "EST Club Ch 2002"]
[Site "?"]
[Date "2002.03.10"]
[Round "5"]
[White "Krupenski, Igor"]
[Black "Tarakanov, Oleg"]
[Result "1/2-1/2"]
[WhiteElo "2211"]
[BlackElo "2172"]
[PlyCount "85"]

1. c4 e5 2. Nc3 Nf6 3. Nf3 Nc6 4. g3 Be7 5. Bg2 O-O 6. O-O d6 7. h3 Re8 8. d4
h6 9. e3 Bf8 10. Kh2 Bf5 11. a3 a5 12. b3 Qc8 13. Bb2 Bh7 14. Nd5 Nd7 15. Qd2
Nd8 16. b4 c6 17. Nc3 Nb6 18. c5 Nc4 19. Qe2 Nxb2 20. Qxb2 Qf5 21. cxd6 Bxd6
22. e4 Qe6 23. Nxe5 Bxe5 24. dxe5 Qxe5 25. f4 Qd4 26. Rad1 Qc4 27. b5 Ne6 28.
Rf2 Rad8 29. Rc1 Nd4 30. bxc6 bxc6 31. Ne2 Qa4 32. Nxd4 Rxd4 33. e5 Be4 34.
Rxc6 Bxg2 35. Rxg2 Red8 36. Rd6 R8xd6 37. exd6 Qd1 38. Qb8+ Kh7 39. Qe8 f6 40.
Qb5 a4 41. Qf5+ Kh8 42. Qc8+ Kh7 43. Qf5+ 1/2-1/2

[Event "EST Club Ch 2002"]
[Site "?"]
[Date "2002.03.10"]
[Round "5"]
[White "Leito, Priit"]
[Black "Gavrikov, Viktor"]
[Result "0-1"]
[WhiteElo "2339"]
[BlackElo "2578"]
[PlyCount "174"]

1. c4 Nf6 2. Nc3 c5 3. g3 e6 4. Nf3 b6 5. Bg2 Bb7 6. O-O Be7 7. d4 cxd4 8. Qxd4
d6 9. Bg5 a6 10. Rfd1 Nbd7 11. Bxf6 Nxf6 12. Nd2 Bxg2 13. Kxg2 Qc7 14. Nde4 Rd8
15. Rac1 O-O 16. Nxf6+ Bxf6 17. Qd3 Bg5 18. Rc2 Be7 19. e4 Qc6 20. Kg1 Rc8 21.
b3 Rfd8 22. Ne2 Bf6 23. h4 g6 24. Rcd2 Qc5 25. Qf3 Be7 26. Nf4 b5 27. cxb5 axb5
28. h5 Qg5 29. Kg2 Rc7 30. hxg6 hxg6 31. Nh3 Qc5 32. Qf4 Kg7 33. Re2 Rh8 34. e5
Qc6+ 35. Qe4 Qxe4+ 36. Rxe4 d5 37. Re2 Rhc8 38. Nf4 Ba3 39. Nd3 Kf8 40. Kf3 Rc3
41. Ke3 Bc5+ 42. Kd2 Bb6 43. Ke1 Ba5 44. Kf1 Ke7 45. Rb2 R8c7 46. Rbb1 Rc2 47.
a4 bxa4 48. bxa4 Ra2 49. Ra1 Rcc2 50. Rxa2 Rxa2 51. Rb1 Rxa4 52. Rb7+ Kf8 53.
Nc5 Ra1+ 54. Kg2 Be1 55. f4 Ra2+ 56. Kh3 Ra3 57. Rb3 Ra7 58. Kg2 Rc7 59. Nd3
Bc3 60. Kf3 Ke7 61. g4 Kd7 62. f5 gxf5 63. gxf5 Bd4 64. fxe6+ Kxe6 65. Kf4 Rc4
66. Rb7 Bxe5+ 67. Kf3 Bd6 68. Nf2 Rc3+ 69. Ke2 f5 70. Rh7 Bf4 71. Rh8 d4 72.
Nd3 Be3 73. Re8+ Kf7 74. Rb8 Rc2+ 75. Kf3 Rd2 76. Rb3 Ke6 77. Ra3 Kd5 78. Ra5+
Kc4 79. Ne5+ Kc3 80. Rc5+ Kb4 81. Rc8 Rf2+ 82. Kg3 f4+ 83. Kg4 Rf1 84. Rc7 Kb3
85. Rc8 Rd1 86. Rd8 Kc3 87. Rc8+ Kd2 0-1

[Event "EST Club Ch 2002"]
[Site "?"]
[Date "2002.03.10"]
[Round "5"]
[White "Tanav, Tiit"]
[Black "Vooremaa, Andres"]
[Result "1/2-1/2"]
[WhiteElo "2230"]
[BlackElo "2303"]
[PlyCount "23"]

1. d4 Nf6 2. c4 g6 3. Nc3 Bg7 4. e4 d6 5. Nf3 O-O 6. Be2 c6 7. O-O a6 8. a4 a5
9. Be3 Bg4 10. h3 Bxf3 11. Bxf3 Qc7 12. Qd2 1/2-1/2

[Event "EST Club Ch 2002"]
[Site "?"]
[Date "2002.03.10"]
[Round "5"]
[White "Karjakin, Sergei"]
[Black "Rauk, Tonu"]
[Result "1-0"]
[WhiteElo "2171"]
[BlackElo "2205"]
[PlyCount "51"]

1. e4 c5 2. Nf3 e6 3. d4 cxd4 4. Nxd4 Nf6 5. Nc3 d6 6. Be3 Nc6 7. Bc4 a6 8. Qe2
Nxd4 9. Bxd4 b5 10. Bb3 Bb7 11. O-O-O b4 12. Ba4+ Nd7 13. Nd5 Bxd5 14. exd5 e5
15. Bxe5 dxe5 16. Qxe5+ Qe7 17. Qc7 Qg5+ 18. f4 Qd8 19. Rhe1+ Be7 20. d6 Qxc7
21. dxc7 O-O 22. Bxd7 Bf6 23. c8=Q Raxc8 24. Bxc8 Rxc8 25. Rd6 a5 26. Ra6 1-0

[Event "EST Club Ch 2002"]
[Site "?"]
[Date "2002.03.10"]
[Round "5"]
[White "Allekand, Louise"]
[Black "Fomina, Tatjana"]
[Result "0-1"]
[WhiteElo "2010"]
[BlackElo "2242"]
[PlyCount "66"]

1. d4 e6 2. Nf3 Nf6 3. g3 b5 4. Bg2 Bb7 5. O-O c5 6. e3 Be7 7. b3 O-O 8. Bb2 d5
9. a4 b4 10. c4 dxc4 11. bxc4 a5 12. Nbd2 cxd4 13. exd4 Nbd7 14. Re1 Rc8 15.
Qb3 Rc7 16. Ne5 Bxg2 17. Kxg2 Bd6 18. f4 Qc8 19. Qf3 Qa6 20. Rac1 Rd8 21. Re2
g6 22. g4 Qa8 23. h3 Bf8 24. Qxa8 Rxa8 25. g5 Nh5 26. Kf3 Nb6 27. Ra1 Bg7 28.
c5 Nd5 29. Re4 f5 30. gxf6 Nhxf6 31. Ree1 Nh5 32. Nd3 Rf8 33. Rxe6 Nhxf4 0-1

[Event "EST Club Ch 2002"]
[Site "?"]
[Date "2002.04.05"]
[Round "6"]
[White "Rytshagov, Mihhail"]
[Black "Krupenski, Juri"]
[Result "0-1"]
[WhiteElo "2513"]
[BlackElo "2228"]
[PlyCount "68"]

1. e4 c5 2. Nf3 d6 3. d4 cxd4 4. Nxd4 Nf6 5. Nc3 a6 6. Be3 Nc6 7. Be2 e6 8. f4
Be7 9. Qd2 O-O 10. O-O-O Nd7 11. Kb1 Nxd4 12. Bxd4 b5 13. Qe3 b4 14. Na4 Qc7
15. Nb6 Nxb6 16. Bxb6 Qc6 17. Bd4 Re8 18. Qg3 Bf8 19. h4 e5 20. fxe5 dxe5 21.
Bxe5 Be6 22. b3 a5 23. h5 h6 24. Bb2 a4 25. Rd4 axb3 26. axb3 Ra2 27. Rhd1 Qa8
28. Rd6 Rxb2+ 29. Kxb2 Qa3+ 30. Kb1 Bxd6 31. Rxd6 Ra8 32. Qe5 Bxb3 33. cxb3
Qa2+ 34. Kc1 Qxe2 0-1

[Event "EST Club Ch 2002"]
[Site "?"]
[Date "2002.04.05"]
[Round "6"]
[White "Krupenski, Igor"]
[Black "Karner, Hillar"]
[Result "1/2-1/2"]
[WhiteElo "2211"]
[BlackElo "2293"]
[PlyCount "34"]

1. e4 e5 2. Nf3 Nc6 3. Bb5 a6 4. Ba4 Nf6 5. O-O Be7 6. Re1 b5 7. Bb3 O-O 8. c3
d6 9. h3 Na5 10. Bc2 c5 11. d4 cxd4 12. cxd4 Nc6 13. Nc3 Bb7 14. Bg5 Nd7 15.
Bxe7 Nxe7 16. a3 Ng6 17. Qd2 Nb6 1/2-1/2

[Event "EST Club Ch 2002"]
[Site "?"]
[Date "2002.04.05"]
[Round "6"]
[White "Remmel, Anto"]
[Black "Danilov, Nikolai"]
[Result "1/2-1/2"]
[WhiteElo "2245"]
[BlackElo "2158"]
[PlyCount "58"]

1. e4 c6 2. d4 d5 3. exd5 cxd5 4. Bd3 Nc6 5. c3 Qc7 6. Ne2 e6 7. Bf4 Bd6 8.
Bxd6 Qxd6 9. Nd2 Nf6 10. Nf3 Bd7 11. O-O O-O 12. Qd2 Rab8 13. a4 Rfc8 14. Qf4
Qxf4 15. Nxf4 Na5 16. Ne5 Be8 17. Ra3 Nd7 18. Nxd7 Bxd7 19. b4 Nc4 20. Bxc4
Rxc4 21. Nd3 Be8 22. Nb2 Rc7 23. Re1 Rbc8 24. Re3 Kf8 25. Kf1 Ke7 26. Ke1 f6
27. Kd2 Kd6 28. Nd3 Bg6 29. f4 Bxd3 1/2-1/2

[Event "EST Club Ch 2002"]
[Site "?"]
[Date "2002.04.05"]
[Round "6"]
[White "Polonski, Vladimir"]
[Black "Korchagin, Oleg"]
[Result "0-1"]
[WhiteElo "2117"]
[BlackElo "2144"]
[PlyCount "72"]

1. d4 Nf6 2. e3 g6 3. Bd3 Bg7 4. f4 d5 5. Nf3 c5 6. c3 O-O 7. Nbd2 b6 8. Ne5
Ba6 9. Qf3 Bxd3 10. Nxd3 Qc8 11. O-O Qf5 12. Qe2 Rc8 13. Kh1 Nbd7 14. Rg1 h5
15. Nf3 Ne4 16. Bd2 Rc6 17. Raf1 cxd4 18. Nxd4 Bxd4 19. exd4 Re6 20. Be3 Ndf6
21. Rf3 Ng4 22. Rgf1 Kg7 23. Ne5 f6 24. Nd3 Nd6 25. b3 Rc8 26. h3 Rxc3 27. Rd1
Nxe3 28. Rxe3 Rxe3 29. Qxe3 Qe4 30. Qxe4 dxe4 31. Nb4 e6 32. d5 Kf7 33. Kg1 a5
34. Nc6 exd5 35. Nd8+ Ke7 36. Rxd5 Rc8 0-1

[Event "EST Club Ch 2002"]
[Site "?"]
[Date "2002.04.05"]
[Round "6"]
[White "Vaher, Andres"]
[Black "Gomon, Dimitri"]
[Result "1/2-1/2"]
[WhiteElo "2193"]
[BlackElo "2073"]
[PlyCount "44"]

1. d4 d5 2. Nf3 e6 3. c4 c6 4. e3 f5 5. Nc3 Nf6 6. Bd3 Bd6 7. O-O O-O 8. b3 Ne4
9. Bb2 Nd7 10. Ne2 Qf6 11. Qc1 Qe7 12. Ne5 Qf6 13. f3 Ng5 14. Ng3 Nf7 15. f4
Qe7 16. a4 Nf6 17. a5 Bd7 18. c5 Bxe5 19. dxe5 Ne4 20. Bxe4 fxe4 21. Bd4 a6 22.
Qe1 Nh6 1/2-1/2

[Event "EST Club Ch 2002"]
[Site "?"]
[Date "2002.04.05"]
[Round "6"]
[White "Raud, Rainer"]
[Black "Kulaots, Kaido"]
[Result "0-1"]
[WhiteElo "2380"]
[BlackElo "2531"]
[PlyCount "62"]

1. e4 c5 2. Nf3 d6 3. d4 cxd4 4. Qxd4 a6 5. Bg5 Nc6 6. Qd2 Nf6 7. Nc3 e6 8.
O-O-O Be7 9. Bf4 Ng4 10. Bc4 Nge5 11. Qe2 Qc7 12. Nd4 Bd7 13. Nxc6 Bxc6 14. Bb3
b5 15. Rd4 O-O 16. Rhd1 Qb7 17. Bd2 b4 18. Nb1 a5 19. f4 Bb5 20. Qh5 Nc6 21.
Rd5 exd5 22. Bxd5 Qa6 23. Re1 Rac8 24. Re3 Nd4 25. c3 Ne2+ 26. Kd1 Nxf4 27. Qf5
Nxd5 28. exd5 Bf6 29. Rh3 Be2+ 30. Kc1 h5 31. Rg3 Bg4 0-1

[Event "EST Club Ch 2002"]
[Site "?"]
[Date "2002.04.05"]
[Round "6"]
[White "Seeman, Tarvo"]
[Black "Leito, Priit"]
[Result "1/2-1/2"]
[WhiteElo "2441"]
[BlackElo "2339"]
[PlyCount "50"]

1. e4 c5 2. Nf3 d6 3. d4 cxd4 4. Nxd4 Nc6 5. Nc3 e6 6. Be3 Nf6 7. Qd2 a6 8.
O-O-O Nxd4 9. Bxd4 b5 10. f3 Bb7 11. Kb1 Qc7 12. g4 Nd7 13. a3 Rc8 14. g5 Ne5
15. Qe3 Nc4 16. Bxc4 Qxc4 17. Rd2 e5 18. Bb6 Be7 19. Rg1 O-O 20. f4 exf4 21.
Qxf4 f5 22. gxf6 Bxf6 23. Qxd6 Bxe4 24. Nxe4 Qxe4 25. Qd5+ Qxd5 1/2-1/2

[Event "EST Club Ch 2002"]
[Site "?"]
[Date "2002.04.05"]
[Round "6"]
[White "Narva, Jaan"]
[Black "Kanep, Meelis"]
[Result "0-1"]
[WhiteElo "2300"]
[BlackElo "2358"]
[PlyCount "96"]

1. Nf3 Nf6 2. g3 c5 3. Bg2 Nc6 4. O-O e5 5. b3 d5 6. c4 d4 7. d3 h6 8. a3 Bd6
9. b4 cxb4 10. axb4 Nxb4 11. Ba3 Nc6 12. Nbd2 O-O 13. Qa4 Bxa3 14. Qxa3 Bg4 15.
h3 Bh5 16. Rfb1 Rb8 17. Kf1 Bg6 18. Rb2 e4 19. dxe4 Nxe4 20. Nh4 Nc3 21. Qc5
Qf6 22. Bxc6 bxc6 23. Rxb8 Rxb8 24. Rxa7 d3 25. exd3 Bxd3+ 26. Kg2 Re8 27. Rd7
Ne4 28. Qe3 Bc2 29. Rd4 Qe6 30. Nxe4 Bxe4+ 31. f3 Bd5 32. Qxe6 Bxe6 33. g4 g5
34. Nf5 Bxf5 35. gxf5 Re5 36. Rd6 Rc5 37. Rxh6 Kg7 38. Rd6 Rxc4 39. Kg3 Kf8 40.
Rd7 Kg7 41. Rd6 c5 42. Rc6 Kf8 43. Rc7 Kg7 44. Rc6 Rc1 45. f4 gxf4+ 46. Kxf4 c4
47. Kg3 c3 48. Kg2 c2 0-1